00435nam a22001097a 4500040000900000082002600009100003900035245018200074260002800256300002600284856001500310 cRUA  aFIS KY 2006 B178 Or.1 aKY SOPHEAP ; គីសុភាព aFish market at tramkok district, takeo province,​ ទីផ្សារត្រីនៅក្នុងស្រុកត្រំាកក់ ខេត្តតាកែវ. aPhnom Penh bRUA c2006 axi; 42p.bill.c29cm. u KY SOPHEA